Countries with the Most Chess Grandmasters - Statistics

General Stats
  • This quiz has been taken 60 times
  • The average score is 13 of 21
Answer Stats
# Country % Correct
92 United States
100%
264 Russia
97%
54 China
93%
85 India
88%
54 France
87%
84 Germany
85%
52 Spain
83%
106 Ukraine
82%
54 Poland
75%
44 Netherlands
63%
68 Hungary
53%
43 Bulgaria
50%
44 Armenia
45%
32 Azerbaijan
43%
30 Georgia
42%
35 Argentina
38%
46 Israel
37%
37 Cuba
33%
99 Soviet Union
28%
46 England
20%
54 Yugoslavia
20%
No matching quizzes found
Score Distribution
Percent of People with Each Score
Percentile by Number Answered
Your Score History
You have not taken this quiz